<?xml version="1.0" encoding="UTF-8"?>
<marc:record xmlns:marc="http://www.loc.gov/MARC21/slim">
   <marc:leader>00000nam a2200000 a 4500</marc:leader>
   <marc:datafield ind1="1" ind2=" " tag="100">
      <marc:subfield code="a">Madreiter-Sokolowski, Corina</marc:subfield>
      <marc:subfield code="4">aut</marc:subfield>
      <marc:subfield code="e">Verfasser/-in</marc:subfield>
   </marc:datafield>
   <marc:datafield ind1="1" ind2=" " tag="100">
      <marc:subfield code="a">Hütter-Klepp, Kristina</marc:subfield>
      <marc:subfield code="4">aut</marc:subfield>
      <marc:subfield code="e">Verfasser/-in</marc:subfield>
   </marc:datafield>
   <marc:datafield ind1=" " ind2=" " tag="653">
      <marc:subfield code="a">Softcover / Medizin/Klinische Fächer</marc:subfield>
   </marc:datafield>
   <marc:datafield ind1=" " ind2=" " tag="653">
      <marc:subfield code="a">Anti-Aging Interventionen</marc:subfield>
   </marc:datafield>
   <marc:datafield ind1=" " ind2=" " tag="653">
      <marc:subfield code="a">Organ-spezifisches Altern</marc:subfield>
   </marc:datafield>
   <marc:datafield ind1=" " ind2=" " tag="653">
      <marc:subfield code="a">Alterungsprozess</marc:subfield>
   </marc:datafield>
   <marc:datafield ind1=" " ind2=" " tag="653">
      <marc:subfield code="a">Geschlechtsspezifische Unterschiede</marc:subfield>
   </marc:datafield>
   <marc:datafield ind1=" " ind2=" " tag="653">
      <marc:subfield code="a">Neue Anti-Aging Wirkstoffe</marc:subfield>
   </marc:datafield>
   <marc:datafield ind1=" " ind2=" " tag="653">
      <marc:subfield code="a">Health Care.</marc:subfield>
   </marc:datafield>
   <marc:datafield ind1="0" ind2="0" tag="245">
      <marc:subfield code="a">Der Code zum Jungbleiben</marc:subfield>
   </marc:datafield>
   <marc:datafield ind1="0" ind2="0" tag="245">
      <marc:subfield code="b">Zellbiologische und medizinische Perspektiven auf die Langlebigkeit</marc:subfield>
   </marc:datafield>
   <marc:datafield ind1="0" ind2="0" tag="245">
      <marc:subfield code="c">Corina Madreiter-Sokolowski, Kristina Hütter-Klepp</marc:subfield>
   </marc:datafield>
   <marc:datafield ind1=" " ind2="1" tag="264">
      <marc:subfield code="a">Berlin</marc:subfield>
      <marc:subfield code="b">Springer</marc:subfield>
      <marc:subfield code="c">2026</marc:subfield>
   </marc:datafield>
   <marc:datafield ind1="1" ind2=" " tag="520">
      <marc:subfield code="a">In diesem Buch treffen sich Grundlagenwissenschaft und Allgemeinmedizin.

Eine Professorin für Zellbiologie und eine Allgemeinmedizinerin erklären anschaulich und verständlich das Gesamtkonzept eines langen und gesunden Lebens. Anhand von Fallbeispielen aus dem Praxisalltag und der Altersforschung erläutern sie die biologischen Prozesse des Alterns und was man frühzeitig tun kann, um auch im hohen Alter fit zu sein.

Als Interventionen werden neben Ernährung und Sport auch der Einfluss von sozialen Kontakten, das Erkennen und Vermeiden von Risikofaktoren sowie das Potential von pharmakologischen Maßnahmen diskutiert. Die Autorinnen greifen dabei auf aktuelle Forschungsergebnisse und innovative Ansätze der Longevity-Medizin zurück und stellen gemeinsam mit Expert*innen unterschiedlicher Fachrichtungen konkrete Anti-Aging-Strategien zur gezielten Verbesserung der Organfunktionen vor.  

Ein Buch für alle, die schon heute verstehen wollen, wie sie morgen jung bleiben - und das enorme Potenzial der medizinischen Wissenschaft für ein langes und gesundes Leben nutzen wollen.
</marc:subfield>
   </marc:datafield>
   <marc:datafield ind1=" " ind2=" " tag="020">
      <marc:subfield code="a">9783662712764</marc:subfield>
      <marc:subfield code="9">9783662712764</marc:subfield>
   </marc:datafield>
   <marc:datafield ind1=" " ind2=" " tag="020">
      <marc:subfield code="a">3662712768</marc:subfield>
      <marc:subfield code="9">3662712768</marc:subfield>
   </marc:datafield>
   <marc:datafield ind1=" " ind2=" " tag="041">
      <marc:subfield code="a">ger</marc:subfield>
   </marc:datafield>
   <marc:datafield ind1=" " ind2=" " tag="300">
      <marc:subfield code="a">XIX, 310 Seiten</marc:subfield>
   </marc:datafield>
</marc:record>
